00000000nam##2200000za#4500
0019.646948
003CaOODSP
00520200330063939
007ta
008150407|1998||||xxc|||||     f|0| 0 eng|d
020 |a0-662-26818-0
040 |aCaOODSP|beng
043 |an-cn---
0861 |aRC31-6/1998E
1101 |aCanada.|bIndian Claims Commission.
24510|aChippewa Tri-Council Inquiry : |bCollins Treaty claim
260 |aOttawa - Ontario : |bIndian Claims Commission |c1998.
300 |a36p. : |bmaps, references ; |c28 cm.
500 |a"...an inquiry into the Collins Treaty Claim of the Chippewas of Beausoleil, Rama and Georgina Island First Nations...in relation to the 1785 agreement between the Crown and the Chippewas for a right of passage from Lake Simcoe to Lake Huron in exchange for certain promises that were not fulfilled."--Letter of transmittal.
5203 |a...an inquiry into the Collins Treaty Claim of the Chippewas of Beausoleil, Rama and Georgina Island First Nations...in relation to the 1785 agreement between the Crown and the Chippewas for a right of passage from Lake Simcoe to Lake Huron in exchange for certain promises that were not fulfilled.--Letter of transmittal
563 |aSpiral binding
590 |a98-19|b1998-05-08
69007|aLand claims|2gcpds
77508|tEnquête sur le Conseil tripartite chippaouais : |w(CaOODSP)9.680437